Przystanki Linia 63 Szczecin - Statystyki

Ogólne statystyki
  • Ten quiz został rozwiązany 38 razy
  • Średni wynik to 19 z 38
Statystyki odpowiedzi
Numer Przystanek % Poprawnych
1 Kołłątaja
96%
38 Skolwin
87%
3 Boguchwały
83%
2 Niemcewicza
83%
8 Komuny Paryskiej
78%
5 1 Maja
74%
6 Wilcza Wiadukt
74%
11 Hoża
70%
9 Jana z Czarnolasu
70%
35 Artyleryjska
61%
34 Orłowska
61%
7 Staw Brodowski
61%
23 Kościelna 12
57%
16 Nehringa
57%
30 Skolwin Dworzec
52%
22 Stołczyn Kościół
52%
29 Celulozowa
48%
24 Dąbrówki
48%
13 Ogrody "Przyjaźń"
48%
33 Nowy Świat
48%
15 Pokoju
48%
32 Wodna
48%
19 Zagórskiego
48%
25 Zamknięta
48%
21 Bajeczna
43%
37 Kamienna
43%
17 Kolonistów
43%
20 Policka
43%
31 Stołczyńska
43%
28 Cegłówka
35%
18 Dojazdowa
35%
36 Górnicza
35%
12 Ostrowska
35%
26 Nad Odrą Terminal
22%
27 Stołczyn Północny
22%
14 Bugumińska
4%
10 Bugumińska Park
4%
4 Cyryla i Metedego
0%
Nie znaleziono quizów pasujących do podanych kryteriów
Rozkład punktacji
Procent ludzi z każdym wynikiem
Percentyl według liczby udzielonych odpowiedzi
Twoja historia wyników
Nie rozwiązałeś tego quizu